L'Amérique Centrale et Méridionale / (Record no. 98688)

MARC details
000 -LEADER
campo de control de longitud fija 00617nam a22001815i 4500
001 - NÚMERO DE CONTROL
campo de control 98688
003 - IDENTIFICADOR DE NÚMERO DE CONTROL
campo de control ES-MaACL
007 - CAMPO FIJO DE DESCRIPCIÓN FÍSICA--INFORMACIÓN GENERAL
campo de control de longitud fija t|
008 - DATOS DE LONGITUD FIJA--INFORMACIÓN GENERAL
campo de control de longitud fija 950921s1867 fr a ||||1| fre d
040 ## - FUENTE DE CATALOGACIÓN
Centro catalogador/agencia de origen CAM
Lengua de catalogación spa
Centro/agencia transcriptor CAM
100 1# - ENTRADA PRINCIPAL--NOMBRE DE PERSONA
Nombre de persona Enault, Louis.
9 (RLIN) 47170
245 12 - MENCIÓN DEL TÍTULO
Título L'Amérique Centrale et Méridionale /
Mención de responsabilidad, etc. Louis Enault; dessins de Jules Noel... [et al.]; gravures de Willmann... [et al.].
260 ## - PUBLICACIÓN, DISTRIBUCIÓN, ETC.
Lugar de publicación, distribución, etc. Paris :
Nombre del editor, distribuidor, etc. F. de P. Mellado et Ce.,
Fecha de publicación, distribución, etc. 1867 (
Fabricante Simon Racon et Comp.)
300 ## - DESCRIPCIÓN FÍSICA
Extensión XXXVI, 444 p., [19] h. de lám. ;
Dimensiones 27 cm.
700 1# - ENTRADA AGREGADA--NOMBRE PERSONAL
Nombre de persona Noel, Jules.
9 (RLIN) 85824
700 1# - ENTRADA AGREGADA--NOMBRE PERSONAL
Nombre de persona Willmann.
9 (RLIN) 116986
852 ## - LOCALIZACIÓN
Ubicación ES-MaACL
Número de control de estantería G-6662
Holdings
Estatus retirado Estado de pérdida Estado de daño No para préstamo Colección Biblioteca de origen Biblioteca actual Ubicación en estantería Fecha de adquisición Fuente de adquisición Total de préstamos Signatura topográfica completa Código de barras Visto por última vez Precio de reemplazo Tipo de ítem Koha
        Libros del s. XIX Biblioteca del Ateneo de Madrid Biblioteca del Ateneo de Madrid Depósito 2 17/01/2008     G-6662 1103027 23/02/2023 23/02/2023 Libro impreso antiguo